Mạo từ tiếng Anh

محفوظ في:
التفاصيل البيبلوغرافية
المؤلف الرئيسي: Nguyễn Thị Tuyết
التنسيق: كتاب
اللغة:Undetermined
منشور في: Đồng Nai Nxb. Đồng Nai 1996
الموضوعات:
الوسوم: إضافة وسم
لا توجد وسوم, كن أول من يضع وسما على هذه التسجيلة!
Thư viện lưu trữ: Trung tâm Học liệu Trường Đại học Cần Thơ
LEADER 00540nam a2200193Ia 4500
001 CTU_28805
008 210402s9999 xx 000 0 und d
020 |b 3.800đ 
082 |a 425.07 
082 |b T582m 
100 |a Nguyễn Thị Tuyết 
245 0 |a Mạo từ tiếng Anh 
245 0 |c Nguyễn Thị Tuyết 
260 |a Đồng Nai 
260 |b Nxb. Đồng Nai 
260 |c 1996 
650 |a english language - article 
904 |i Minh, 990305 
980 |a Trung tâm Học liệu Trường Đại học Cần Thơ